Teori konspirasi : : Rahsia Yahudi dalam filem : Hollywood sebagai senjata rahsia Illuminati
| Main Author: | |
|---|---|
| Format: | Book |
| Published: |
Kulim, Kedah :
Moon Media Enterprise ,
2013
|
| Subjects: |
MARC
| LEADER | 00000cam a2200000 7i4500 | ||
|---|---|---|---|
| 001 | 0000004194 | ||
| 005 | 20190521.0 | ||
| 020 | 0 | 0 | |a 978965989025 |
| 090 | 0 | 0 | |a 296.3 IBN |
| 100 | 1 | 0 | |a Ibnuyaacob |
| 245 | 1 | 0 | |a Teori konspirasi : : |b Rahsia Yahudi dalam filem : Hollywood sebagai senjata rahsia Illuminati |c penulis Ibnuyaacob |
| 260 | 0 | 0 | |a Kulim, Kedah : |b Moon Media Enterprise , |c 2013 |
| 300 | |a ix, 199ms. : |b .ill ; |c 22cm. | ||
| 650 | 0 | 0 | |a Judaism and psychology |
| 650 | 0 | 0 | |a Missions to Jews |
| 999 | |a 008087 |b Monograph |c Open Shelf |e Default branch | ||